[Event "South Australia-ch"]
[Site "Adelaide"]
[Date "2017.03.07"]
[Round "5"]
[White "Jordan, William J"]
[Black "Mdinaradze, Edgar"]
[Result "1-0"]
[WhiteElo "2180"]
[BlackElo "1881"]
[PlyCount "89"]
[EventDate "2017.02.07"]
[EventType "tourn"]
[EventRounds "9"]
[EventCountry "AUS"]
[SourceTitle "EXT 2023"]
[Source "ChessBase"]
[SourceDate "2022.10.05"]
[SourceVersion "1"]
[SourceVersionDate "2022.10.05"]
[SourceQuality "1"]

1. e4 e5 2. Nf3 Nc6 3. Bc4 Be7 4. d4 d6 5. 0-0 Nf6 6. d5 Nb8 7. Bd3 0-0 8. c4 Nbd7 9. Nc3 Nh5 10. Re1 g6 11. Be3 Nf4 12. Bf1 a5 13. g3 Nh5 14. Bh3 b6 15. a3 Ng7 16. b4 f5 17. Qd2 Nf6 18. exf5 gxf5 19. Bh6 Nfh5 20. Bg5 Bf6 21. Bxf6 Rxf6 22. Nh4 Rf7 23. Qe2 Qf6 24. Kh1 Nf4 25. gxf4 Qxh4 26. Qf3 e4 27. Qg3 Qf6 28. bxa5 Rxa5 29. Nxe4 Qg6 30. Ng5 Rf8 31. Re7 Rc5 32. Qd3 Re8 33. Rxe8+ Qxe8 34. Rg1 h6 35. Nf3 b5 36. Nh4 Rxc4 37. Bxf5 Bxf5 38. Nxf5 Qe4+ 39. Qxe4 Rxe4 40. Rxg7+ Kh8 41. Rxc7 Rxf4 42. Nxd6 Rxf2 43. Nxb5 Rb2 44. Nc3 h5 45. d6 1-0

[Event "Pennant-chT"]
[Site "Adelaide"]
[Date "2016.10.18"]
[Round "4"]
[White "Mdinaradze, Edgar"]
[Black "Zulfic, Fedja"]
[Result "0-1"]
[WhiteElo "1880"]
[BlackElo "2120"]
[PlyCount "76"]
[EventDate "2016.09.27"]
[EventType "team-tourn"]
[EventRounds "9"]
[EventCountry "AUS"]
[SourceTitle "EXT 2023"]
[Source "ChessBase"]
[SourceDate "2022.10.05"]
[SourceVersion "1"]
[SourceVersionDate "2022.10.05"]
[SourceQuality "1"]

1. c4 Nf6 2. Nc3 d5 3. cxd5 Nxd5 4. Nf3 g6 5. g3 Bg7 6. Bg2 0-0 7. 0-0 Nc6 8. d4 Nxc3 9. bxc3 Na5 10. Re1 c5 11. e3 Rb8 12. e4 cxd4 13. cxd4 Bg4 14. e5 Nc4 15. h3 Be6 16. Ng5 Bd5 17. Ne4 b5 18. Bf4 Rb6 19. Nc3 Bxg2 20. Kxg2 f6 21. Rc1 Qa8+ 22. Kg1 g5 23. Be3 Nxe3 24. Rxe3 f5 25. f4 gxf4 26. gxf4 Rg6+ 27. Kf1 Qh1+ 28. Ke2 Qh2+ 29. Kd3 Qxf4 30. Qf3 Bh6 31. Qxf4 Bxf4 32. Rf3 Bxc1 33. Nxb5 f4 34. Ke4 a6 35. Nc7 Rg3 36. Nxa6 Rxf3 37. Kxf3 Ra8 38. Nc7 Ra3+ 0-1

[Event "Pennant-chT"]
[Site "Adelaide"]
[Date "2016.10.11"]
[Round "3"]
[White "Sykes, Alexander K"]
[Black "Mdinaradze, Edgar"]
[Result "1/2-1/2"]
[WhiteElo "2003"]
[BlackElo "1880"]
[PlyCount "49"]
[EventDate "2016.09.27"]
[EventType "team-tourn"]
[EventRounds "9"]
[EventCountry "AUS"]
[SourceTitle "EXT 2023"]
[Source "ChessBase"]
[SourceDate "2022.10.05"]
[SourceVersion "1"]
[SourceVersionDate "2022.10.05"]
[SourceQuality "1"]

1. d4 d5 2. c4 e6 3. Nc3 Nf6 4. Bg5 c6 5. e3 Nbd7 6. Nf3 Be7 7. Bd3 0-0 8. 0-0 Re8 9. Qc2 Nf8 10. e4 dxe4 11. Nxe4 Ng6 12. Rad1 Nxe4 13. Bxe7 Qxe7 14. Bxe4 Rd8 15. Rfe1 Bd7 16. d5 Qc5 17. b4 Qxb4 18. Rb1 Qc5 19. dxe6 Bxe6 20. Rxb7 Qxc4 21. Qxc4 Bxc4 22. Bxc6 Bxa2 23. Rb2 Rac8 24. Rxa2 Rxc6 25. Rxa7 1/2-1/2

[Event "Pennant-chT"]
[Site "Adelaide"]
[Date "2016.10.04"]
[Round "2"]
[White "Leaver, Kyle"]
[Black "Mdinaradze, Edgar"]
[Result "1-0"]
[WhiteElo "1863"]
[BlackElo "1880"]
[PlyCount "115"]
[EventDate "2016.09.27"]
[EventType "team-tourn"]
[EventRounds "9"]
[EventCountry "AUS"]
[SourceTitle "EXT 2023"]
[Source "ChessBase"]
[SourceDate "2022.10.05"]
[SourceVersion "1"]
[SourceVersionDate "2022.10.05"]
[SourceQuality "1"]

1. d4 d5 2. c4 e6 3. Nc3 Nf6 4. cxd5 exd5 5. Bg5 Be7 6. Qc2 Nbd7 7. e3 0-0 8. Bd3 Re8 9. Nge2 c6 10. 0-0 Nf8 11. f3 a6 12. Rae1 Be6 13. Kh1 Qc8 14. e4 Ng6 15. e5 Nd7 16. Bxe7 Nxe7 17. Bxh7+ Kh8 18. Nf4 Nf8 19. Bd3 Bf5 20. Qf2 g5 21. Bxf5 Qxf5 22. Nh5 Ng8 23. g4 Qg6 24. h4 f5 25. Kg2 Re7 26. Rh1 Rh7 27. Ne2 Ne6 28. Neg3 fxg4 29. fxg4 Rf8 30. Qd2 Nf4+ 31. Kg1 Qe6 32. Qd1 Nxh5 33. Nxh5 Qf7 34. Rf1 Qxf1+ 35. Qxf1 Rxf1+ 36. Kxf1 gxh4 37. Kg2 Ne7 38. Rf1 Ng8 39. Rf8 Rh6 40. Kh3 Kh7 41. Kxh4 Re6 42. Rf7+ Kh8 43. Rxb7 c5 44. dxc5 d4 45. Rd7 Rxe5 46. c6 Rc5 47. c7 d3 48. Nf6 Nxf6 49. Rd8+ Kg7 50. c8Q Rxc8 51. Rxc8 Ne4 52. Rd8 d2 53. b4 Kf6 54. a4 Ke5 55. Rd3 Kf6 56. b5 axb5 57. axb5 Nc3 58. b6 1-0

[Event "Adelaide op"]
[Site "Adelaide"]
[Date "2016.08.02"]
[Round "2"]
[White "Mdinaradze, Edgar"]
[Black "Haydn, Gavin"]
[Result "1-0"]
[WhiteElo "1869"]
[BlackElo "1750"]
[PlyCount "81"]
[EventDate "2016.07.26"]
[EventType "swiss"]
[EventRounds "9"]
[EventCountry "AUS"]
[SourceTitle "EXT 2018"]
[Source "ChessBase"]
[SourceDate "2017.10.13"]
[SourceVersion "1"]
[SourceVersionDate "2017.10.13"]
[SourceQuality "1"]

1. c4 Nf6 2. Nc3 e6 3. g3 d5 4. cxd5 exd5 5. Bg2 Be6 6. d3 Nbd7 7. Nf3 c6 8. 0-0 Bd6 9. Re1 Qc7 10. b3 0-0-0 11. Be3 Ng4 12. Bd2 h5 13. Qc1 h4 14. Bf4 hxg3 15. hxg3 Bxf4 16. Qxf4 Qxf4 17. gxf4 Nf8 18. Rac1 Ng6 19. e3 Nh4 20. Nxh4 Rxh4 21. f3 Nf6 22. Ne2 Nh5 23. Kf2 d4 24. Nxd4 Rxd4 25. exd4 Nxf4 26. Kg3 g5 27. Bf1 Nh5+ 28. Kf2 Rh2+ 29. Kg1 Rxa2 30. Re5 Nf4 31. Rxg5 Rb2 32. Rcc5 Rb1 33. Kf2 Kd7 34. Rgf5 Nd5 35. Re5 Rxb3 36. Re1 Nf4 37. Ke3 Nd5+ 38. Ke4 a5 39. f4 Nf6+ 40. Ke3 Nd5+ 41. Kd2 1-0

[Event "South Australia-ch"]
[Site "Adelaide"]
[Date "2011.03.08"]
[Round "4"]
[White "Cloudsdale, Colin"]
[Black "Mdinaradze, Edgar"]
[Result "1/2-1/2"]
[WhiteElo "2036"]
[BlackElo "1944"]
[PlyCount "92"]
[EventDate "2011.02.15"]
[EventType "swiss"]
[EventRounds "9"]
[EventCountry "AUS"]
[SourceTitle "EXT 2023"]
[Source "ChessBase"]
[SourceDate "2022.10.05"]
[SourceVersion "1"]
[SourceVersionDate "2022.10.05"]
[SourceQuality "1"]

1. e4 c5 2. Nf3 Nc6 3. d4 cxd4 4. Nxd4 a6 5. Nc3 e5 6. Nf3 Bc5 7. Bc4 Nf6 8. Bg5 d6 9. 0-0 Be6 10. Nd5 Bxd5 11. Bxd5 h6 12. Bh4 g5 13. Bg3 Qe7 14. c3 Nxd5 15. Qxd5 Qe6 16. b4 Ba7 17. Rfd1 Qxd5 18. Rxd5 Ke7 19. Rad1 Rhd8 20. Kf1 f6 21. Nd2 b5 22. a3 Ke6 23. c4 Bd4 24. cxb5 axb5 25. Rxb5 Rxa3 26. Rb1 Rda8 27. Nc4 Ra1 28. Rxa1 Rxa1+ 29. Ke2 Rb1 30. f3 Nxb4 31. Be1 Bc5 32. Bd2 Kd7 33. Rb7+ Kc8 34. Rh7 d5 35. exd5 Nxd5 36. Rxh6 Kd7 37. h4 gxh4 38. Rxh4 Ke6 39. Rh7 Bb4 40. Rb7 f5 41. Kd3 e4+ 42. fxe4 fxe4+ 43. Kxe4 Bxd2 44. Rxb1 Nc3+ 45. Kd3 Nxb1 46. Nxd2 Nxd2 1/2-1/2

[Event "Pennant-chT"]
[Site "Adelaide"]
[Date "2010.09.21"]
[Round "2.2"]
[White "Paprzycki, Eryk"]
[Black "Mdinaradze, Edgar"]
[Result "1-0"]
[WhiteElo "1569"]
[BlackElo "1893"]
[PlyCount "133"]
[EventDate "2010.09.14"]
[EventType "team-tourn"]
[EventRounds "7"]
[EventCountry "AUS"]
[SourceTitle "EXT 2023"]
[Source "ChessBase"]
[SourceDate "2022.10.05"]
[SourceVersion "1"]
[SourceVersionDate "2022.10.05"]
[SourceQuality "1"]

1. e4 b6 2. d4 c5 3. d5 d6 4. Bb5+ Bd7 5. a4 g6 6. Nf3 Bg7 7. 0-0 Nf6 8. Re1 0-0 9. Bxd7 Nbxd7 10. c4 Ng4 11. Qc2 h6 12. h3 Nge5 13. Ra3 Nxf3+ 14. Rxf3 Ne5 15. Rfe3 g5 16. b3 Qd7 17. Nd2 Ng6 18. Bb2 Bxb2 19. Qxb2 f6 20. Nf1 a6 21. Ng3 b5 22. axb5 axb5 23. Ra1 bxc4 24. bxc4 Rxa1+ 25. Qxa1 Ne5 26. Rc3 Rb8 27. Nf5 h5 28. Qd1 Qe8 29. Ne3 Qg6 30. f3 Qe8 31. Rb3 Rxb3 32. Qxb3 Qa8 33. Nf5 Ng6 34. Qb5 Kf8 35. Qb2 Ne5 36. Qb3 Kf7 37. Kh2 Ng6 38. Nh6+ Kg7 39. Nf5+ Kf8 40. Qb2 Qc8 41. Kg1 Ne5 42. Qb3 Qc7 43. Kh2 Qa7 44. Qb5 g4 45. hxg4 hxg4 46. f4 Ng6 47. Kg3 Kf7 48. Qb3 Qc7 49. Kxg4 Qd8 50. Qh3 Qh8 51. Qxh8 Nxh8 52. Ne3 Ng6 53. g3 Nf8 54. Kf5 Ng6 55. Ng4 Nf8 56. e5 dxe5 57. fxe5 fxe5 58. Nxe5+ Kg7 59. g4 Kh6 60. Nd3 Nd7 61. g5+ Kg7 62. Ke6 Nb6 63. Ne5 Nc8 64. Kd7 Nd6 65. Kxe7 Ne4 66. g6 Nd2 67. d6 1-0

[Event "Pennant-chT"]
[Site "Adelaide"]
[Date "2010.09.14"]
[Round "1.3"]
[White "Atrens, Edvard"]
[Black "Mdinaradze, Edgar"]
[Result "0-1"]
[WhiteElo "1502"]
[BlackElo "1893"]
[PlyCount "108"]
[EventDate "2010.09.14"]
[EventType "team-tourn"]
[EventRounds "7"]
[EventCountry "AUS"]
[SourceTitle "EXT 2023"]
[Source "ChessBase"]
[SourceDate "2022.10.05"]
[SourceVersion "1"]
[SourceVersionDate "2022.10.05"]
[SourceQuality "1"]

1. e4 d6 2. d4 Nf6 3. Nc3 g6 4. Nf3 Bg7 5. Be2 0-0 6. Be3 Ng4 7. Bd2 Nc6 8. h3 Nf6 9. Be3 a5 10. Qd2 e5 11. d5 Ne7 12. Bh6 Ne8 13. Bb5 c6 14. dxc6 bxc6 15. Bc4 Ba6 16. Bxa6 Rxa6 17. Rd1 Qb8 18. Bxg7 Kxg7 19. b3 f5 20. Qg5 Ra7 21. 0-0 fxe4 22. Nxe4 Nf5 23. Rd2 d5 24. Nc5 Qd6 25. Na4 h6 26. Qg4 Qe7 27. Nh2 e4 28. Qe2 h5 29. Nb6 Qb7 30. Na4 Qe7 31. Nb6 e3 32. fxe3 Ng3 33. Qd3 Nxf1 34. Nxf1 Qf6 35. c4 Raf7 36. Nh2 Rb7 37. Na4 Rbf7 38. Nf3 Nc7 39. Nc3 Re8 40. cxd5 cxd5 41. Nxd5 Nxd5 42. Qxd5 Rxe3 43. Qxa5 Qf4 44. Qd5 Kh6 45. Qd4 Re4 46. Qd6 Qe3+ 47. Kh2 h4 48. Rd1 Rxf3 49. gxf3 Qxf3 50. Qd2+ Re3 51. Kg1 Qf4 52. Rf1 Rg3+ 53. Kh1 Qxd2 54. a4 Qg2# 0-1

[Event "Adelaide op"]
[Site "Adelaide"]
[Date "2010.08.31"]
[Round "8"]
[White "Mdinaradze, Edgar"]
[Black "Kerr, Bill"]
[Result "1/2-1/2"]
[WhiteElo "1939"]
[BlackElo "1906"]
[PlyCount "126"]
[EventDate "2010.07.13"]
[EventType "swiss"]
[EventRounds "9"]
[EventCountry "AUS"]
[SourceTitle "EXT 2023"]
[Source "ChessBase"]
[SourceDate "2022.10.05"]
[SourceVersion "1"]
[SourceVersionDate "2022.10.05"]
[SourceQuality "1"]

1. d4 f5 2. c4 Nf6 3. Nc3 g6 4. Nf3 Bg7 5. Qc2 d6 6. g3 0-0 7. Bg2 Qe8 8. Bg5 Na6 9. 0-0 e5 10. dxe5 dxe5 11. Rad1 h6 12. Bxf6 Bxf6 13. Nd5 Bg7 14. a3 Be6 15. Nd2 Qf7 16. e4 c6 17. Nc3 Bxc4 18. Nxc4 Qxc4 19. Rd6 Nc5 20. Rxg6 Rad8 21. exf5 e4 22. g4 Nd3 23. g5 Nf4 24. Rxg7+ Kxg7 25. f6+ Kh8 26. h4 hxg5 27. hxg5 Rd5 28. Qc1 Nxg2 29. Kxg2 Rf5 30. Qe3 Rf3 31. Rh1+ Kg8 32. Qxe4 Qxe4 33. Nxe4 Rf4 34. f3 Re8 35. g6 Re6 36. f7+ Kg7 37. Kg3 Rf5 38. Kg4 Kxg6 39. Rh6+ Kxf7 40. Nd6+ Rxd6 41. Rxd6 Rb5 42. Rd2 Ke6 43. f4 a5 44. Re2+ Kf6 45. Rh2 a4 46. Kf3 Rc5 47. Ke4 Rc4+ 48. Ke3 b5 49. Rf2 Kf5 50. Kd3 c5 51. Rh2 Rd4+ 52. Kc3 Kxf4 53. Rh5 Rc4+ 54. Kd3 Kg4 55. Re5 Kf4 56. Rh5 Kf3 57. Rf5+ Kg4 58. Rf1 Rf4 59. Re1 Rf2 60. Kc3 Kf4 61. Re8 Rf3+ 62. Kd2 Rf2+ 63. Kc3 Rf3+ 1/2-1/2

[Event "Adelaide op"]
[Site "Adelaide"]
[Date "2010.07.27"]
[Round "3"]
[White "Sykes, Alexander K"]
[Black "Mdinaradze, Edgar"]
[Result "1/2-1/2"]
[WhiteElo "2081"]
[BlackElo "1939"]
[PlyCount "83"]
[EventDate "2010.07.13"]
[EventType "swiss"]
[EventRounds "9"]
[EventCountry "AUS"]
[SourceTitle "EXT 2023"]
[Source "ChessBase"]
[SourceDate "2022.10.05"]
[SourceVersion "1"]
[SourceVersionDate "2022.10.05"]
[SourceQuality "1"]

1. d4 d5 2. c4 Nf6 3. cxd5 e6 4. dxe6 Bxe6 5. Nc3 c5 6. Nf3 Nc6 7. e3 a6 8. Be2 Qa5 9. 0-0 Rd8 10. Bd2 Qc7 11. Rc1 cxd4 12. Nxd4 Nxd4 13. exd4 Qd7 14. Be3 Bb4 15. a3 Bd6 16. Qa4 Qxa4 17. Nxa4 Nd5 18. Nc5 Bxc5 19. Rxc5 Ke7 20. Bf3 b6 21. Rc6 Rd6 22. Rfc1 Rhd8 23. Bd2 Rxc6 24. Rxc6 Rd6 25. Rc1 Kd7 26. Be2 b5 27. g3 Nb6 28. Bc3 f6 29. Bd3 h6 30. Re1 Nd5 31. Ba5 Rc6 32. f4 Rd6 33. Rc1 Nb6 34. Bxb6 Rxb6 35. Kf2 Kd6 36. Ke3 b4 37. axb4 Rxb4 38. Rc2 a5 39. Be4 Bd7 40. Kd3 Bb5+ 41. Ke3 Bd7 42. Kd3 1/2-1/2

[Event "Adelaide Lidums op"]
[Site "Adelaide"]
[Date "2010.07.04"]
[Round "7"]
[White "Mdinaradze, Edgar"]
[Black "Zelesco, Karl"]
[Result "1-0"]
[WhiteElo "1871"]
[BlackElo "1603"]
[PlyCount "84"]
[EventDate "2010.07.03"]
[EventType "swiss"]
[EventRounds "7"]
[EventCountry "AUS"]
[SourceTitle "EXT 2018"]
[Source "ChessBase"]
[SourceDate "2017.10.13"]
[SourceVersion "1"]
[SourceVersionDate "2017.10.13"]
[SourceQuality "1"]

1. d4 d5 2. b3 Nf6 3. Nf3 Bf5 4. Nbd2 h6 5. Bb2 e6 6. e3 Nbd7 7. Be2 Bd6 8. 0-0 0-0 9. Ne5 c5 10. c4 Rc8 11. Ndf3 Qc7 12. Rc1 b6 13. cxd5 exd5 14. Nxd7 Qxd7 15. dxc5 bxc5 16. Nh4 Be6 17. Bd3 Ng4 18. Nf3 f6 19. Qe2 Ne5 20. Bb1 Nxf3+ 21. gxf3 Bh3 22. Qd3 f5 23. Qxd5+ Kh8 24. Rfd1 Rc6 25. Kh1 f4 26. e4 Be6 27. Qh5 Kg8 28. Rg1 Rf7 29. Rcd1 Qc7 30. Qxh6 Bf8 31. Qh5 Qb6 32. e5 g6 33. Rxg6+ Bg7 34. Qg5 Rc8 35. Rd6 Qb7 36. Be4 Qc7 37. Rdxe6 Rd8 38. Rd6 Rxd6 39. exd6 Qd7 40. Bd5 Kf8 41. Bxg7+ Rxg7 42. Rxg7 Qxg7 1-0

[Event "Adelaide Lidums op"]
[Site "Adelaide"]
[Date "2010.07.03"]
[Round "4"]
[White "Scott, Ronald"]
[Black "Mdinaradze, Edgar"]
[Result "1-0"]
[WhiteElo "2185"]
[BlackElo "1871"]
[PlyCount "74"]
[EventDate "2010.07.03"]
[EventType "swiss"]
[EventRounds "7"]
[EventCountry "AUS"]
[SourceTitle "EXT 2018"]
[Source "ChessBase"]
[SourceDate "2017.10.13"]
[SourceVersion "1"]
[SourceVersionDate "2017.10.13"]
[SourceQuality "1"]

1. d4 d5 2. c4 dxc4 3. e3 Nf6 4. Bxc4 e6 5. Nc3 Be7 6. Nf3 0-0 7. 0-0 Nbd7 8. a3 c6 9. Qe2 Qc7 10. Bd2 Nd5 11. Rac1 Nxc3 12. Bxc3 Nb6 13. Ba2 Nd5 14. Bd2 Bf6 15. e4 Nf4 16. Qe3 Ng6 17. e5 Be7 18. Ng5 h6 19. Ne4 Rd8 20. Rfd1 Qb6 21. Bc3 Bf8 22. Bb1 Bd7 23. Rd3 Be8 24. Rcd1 Rd5 25. Qc1 Rad8 26. b4 Qc7 27. Rg3 Kh8 28. Re1 a5 29. bxa5 Rxd4 30. Nd6 Rh4 31. h3 Bxd6 32. exd6 Rxd6 33. Qb2 e5 34. Bxe5 Qd7 35. Bxd6 Qxd6 36. Rxe8+ Kh7 37. Rd3 Qc7 1-0

[Event "Adelaide Interclub-A"]
[Site "Adelaide"]
[Date "2010.06.29"]
[Round "9.1"]
[White "Sykes, Alexander K"]
[Black "Mdinaradze, Edgar"]
[Result "1/2-1/2"]
[WhiteElo "1923"]
[BlackElo "1891"]
[PlyCount "106"]
[EventDate "2010.05.04"]
[EventType "team-tourn"]
[EventRounds "9"]
[EventCountry "AUS"]
[SourceTitle "EXT 2023"]
[Source "ChessBase"]
[SourceDate "2022.10.05"]
[SourceVersion "1"]
[SourceVersionDate "2022.10.05"]
[SourceQuality "1"]

1. e4 e5 2. Bc4 Nf6 3. d3 Nc6 4. Nc3 Be7 5. f4 d6 6. Nf3 Bg4 7. h3 Bxf3 8. Qxf3 Nd4 9. Qf2 c6 10. 0-0 b5 11. Bb3 0-0 12. Be3 Nxb3 13. axb3 a6 14. f5 d5 15. Bg5 b4 16. Bxf6 Bxf6 17. Ne2 Qd6 18. Ng3 Bh4 19. Kh2 Bg5 20. Kh1 f6 21. Qf3 Qc5 22. Rf2 Rfd8 23. Re2 Qd4 24. Ra2 Bf4 25. Nh5 Bh6 26. Qf2 dxe4 27. Qxd4 Rxd4 28. Rxe4 Rxe4 29. dxe4 a5 30. Ng3 g6 31. Kg1 Bf4 32. Ne2 Be3+ 33. Kf1 gxf5 34. exf5 Kg7 35. Ng3 Bb6 36. Nh5+ Kf7 37. Ra1 Rd8 38. Ke2 Rd5 39. c4 bxc3 40. bxc3 e4 41. g4 Rd3 42. b4 axb4 43. cxb4 Rxh3 44. Ra6 Rh2+ 45. Kd1 Bd4 46. Rxc6 Be5 47. Rc4 e3 48. Re4 Rb2 49. Rxe3 Rxb4 50. g5 Bd4 51. Rg3 fxg5 52. Rxg5 Rb6 53. Ng3 Rh6 1/2-1/2

[Event "Adelaide Queen's Birthday op"]
[Site "Adelaide"]
[Date "2010.06.13"]
[Round "6"]
[White "Jelic, Mato"]
[Black "Mdinaradze, Edgar"]
[Result "1-0"]
[WhiteElo "1814"]
[BlackElo "1871"]
[PlyCount "110"]
[EventDate "2010.06.12"]
[EventType "swiss"]
[EventRounds "6"]
[EventCountry "AUS"]
[SourceTitle "EXT 2023"]
[Source "ChessBase"]
[SourceDate "2022.10.05"]
[SourceVersion "1"]
[SourceVersionDate "2022.10.05"]
[SourceQuality "1"]

1. c4 c5 2. g3 g6 3. Bg2 Bg7 4. e4 Nc6 5. Ne2 Nf6 6. 0-0 0-0 7. Nbc3 d6 8. d3 Bg4 9. h3 Bd7 10. Be3 Ne8 11. Qd2 Rb8 12. Bh6 e6 13. Nb5 a6 14. Bxg7 Kxg7 15. Nbc3 Nd4 16. f4 b5 17. Nxd4 cxd4 18. Ne2 e5 19. Rf3 bxc4 20. dxc4 Qc8 21. b3 Qc5 22. Kh2 f5 23. Raf1 Nf6 24. fxe5 dxe5 25. exf5 gxf5 26. Qg5+ Kh8 27. Rxf5 Bxf5 28. Qxf5 Ng8 29. Qh5 Rb6 30. Nf4 Rh6 31. Qg5 Qe7 32. Qxe7 Nxe7 33. Nd3 Rhf6 34. Re1 Nf5 35. Rxe5 Ne3 36. Be4 Nf1+ 37. Kg2 Nd2 38. Nf4 Nxe4 39. Rxe4 Rd6 40. Nd5 d3 41. Rd4 Re6 42. Nf4 Re1 43. Rxd3 Ra1 44. Rd2 Rf5 45. Rc2 Ra5 46. a4 Ra3 47. Rb2 Kg8 48. Nd5 Kg7 49. Nb4 Kg6 50. Nc2 R3xa4 51. bxa4 Rxa4 52. Ne3 Kf6 53. c5 Ke5 54. Rc2 Rb4 55. c6 Rb8 1-0

[Event "Adelaide Queen's Birthday op"]
[Site "Adelaide"]
[Date "2010.06.13"]
[Round "5"]
[White "Mdinaradze, Edgar"]
[Black "Srdic, Goran"]
[Result "1/2-1/2"]
[WhiteElo "1871"]
[BlackElo "1990"]
[PlyCount "81"]
[EventDate "2010.06.12"]
[EventType "swiss"]
[EventRounds "6"]
[EventCountry "AUS"]
[SourceTitle "EXT 2023"]
[Source "ChessBase"]
[SourceDate "2022.10.05"]
[SourceVersion "1"]
[SourceVersionDate "2022.10.05"]
[SourceQuality "1"]

1. d4 Nf6 2. c4 e6 3. Nf3 d5 4. e3 Bb4+ 5. Bd2 Bxd2+ 6. Nbxd2 0-0 7. Rc1 c5 8. Be2 cxd4 9. Nxd4 Nc6 10. Nxc6 bxc6 11. 0-0 e5 12. Nb3 Bf5 13. g4 Be6 14. Nc5 Rb8 15. b3 Qe7 16. Nd3 Bd7 17. Ne1 d4 18. c5 dxe3 19. fxe3 Rbd8 20. Qc2 Nxg4 21. Ng2 f5 22. b4 Be6 23. Rcd1 Qg5 24. Bc4 Bxc4 25. Qxc4+ Kh8 26. Qe2 Qh6 27. h4 Qe6 28. Rd2 Rxd2 29. Qxd2 h5 30. Qd6 Qe8 31. Qd3 Qg6 32. a4 a6 33. Re1 e4 34. Qd6 Rf6 35. Qb8+ Kh7 36. Nf4 Qf7 37. Qd8 Ne5 38. Kg2 Qa2+ 39. Re2 Qa1 40. Qd4 Qxd4 41. exd4 1/2-1/2

[Event "Adelaide Queen's Birthday op"]
[Site "Adelaide"]
[Date "2010.06.12"]
[Round "3"]
[White "Kiasar, Mohammad"]
[Black "Mdinaradze, Edgar"]
[Result "1-0"]
[WhiteElo "1862"]
[BlackElo "1871"]
[PlyCount "113"]
[EventDate "2010.06.12"]
[EventType "swiss"]
[EventRounds "6"]
[EventCountry "AUS"]
[SourceTitle "EXT 2023"]
[Source "ChessBase"]
[SourceDate "2022.10.05"]
[SourceVersion "1"]
[SourceVersionDate "2022.10.05"]
[SourceQuality "1"]

1. b3 d5 2. Bb2 Nf6 3. Nf3 c5 4. e3 Nc6 5. Bb5 Bg4 6. h3 Bh5 7. g4 Bg6 8. Ne5 Qc7 9. Bxc6+ bxc6 10. d3 e6 11. Nd2 Nd7 12. Ndf3 f6 13. Nxg6 hxg6 14. Qe2 e5 15. 0-0-0 a5 16. a4 Bd6 17. h4 Nb6 18. Bc3 c4 19. dxc4 Ba3+ 20. Kb1 dxc4 21. Nd2 cxb3 22. cxb3 Nd5 23. Qd3 Qf7 24. Nc4 Be7 25. Bxa5 Rxa5 26. Nxa5 e4 27. Qc4 Nb4 28. Qxf7+ Kxf7 29. h5 Ra8 30. Nc4 Nd3 31. Rh2 gxh5 32. gxh5 Ke6 33. Rg2 Bf8 34. f3 exf3 35. Rg3 f2 36. Rf3 Nc5 37. Kc2 Ne4 38. Nd2 Ng5 39. Rxf2 Bc5 40. Nc4 Rh8 41. Rh1 Bf8 42. Rhh2 Ne4 43. Rfg2 Kf7 44. Rh4 Nc5 45. Rd2 Ke6 46. Rd8 Nd7 47. Re4+ Ne5 48. Nxe5 Kf5 49. Nf7 Rxh5 50. Rf4+ Ke6 51. Rxf8 Ke7 52. Rh8 Rc5+ 53. Rc4 Rf5 54. Nd8 c5 55. Nb7 Re5 56. Nxc5 g5 57. Re4 1-0

[Event "Adelaide Interclub-A"]
[Site "Adelaide"]
[Date "2010.05.25"]
[Round "4.1"]
[White "Mdinaradze, Edgar"]
[Black "Zulfic, Fedja"]
[Result "0-1"]
[WhiteElo "1891"]
[BlackElo "1881"]
[PlyCount "71"]
[EventDate "2010.05.04"]
[EventType "team-tourn"]
[EventRounds "9"]
[EventCountry "AUS"]
[SourceTitle "EXT 2023"]
[Source "ChessBase"]
[SourceDate "2022.10.05"]
[SourceVersion "1"]
[SourceVersionDate "2022.10.05"]
[SourceQuality "1"]

1. e4 d5 2. exd5 Nf6 3. d4 Bg4 4. f3 Bf5 5. c4 e6 6. Nc3 exd5 7. Bf4 Nc6 8. Bd3 Bxd3 9. Qxd3 dxc4 10. Qxc4 Qxd4 11. Qxd4 Nxd4 12. 0-0-0 0-0-0 13. Nh3 Bb4 14. Rhe1 Rd7 15. Be5 Rhd8 16. Ng5 c5 17. Bxf6 gxf6 18. Nxh7 Rd6 19. Re7 Bxc3 20. bxc3 Ne2+ 21. Rxe2 Rxd1+ 22. Kc2 R1d6 23. Re7 c4 24. Kb2 Rb6+ 25. Kc1 Ra6 26. Rxf7 Rxa2 27. Nxf6 Rxg2 28. Ne4 Rxh2 29. Rf5 Rg8 30. Nd2 Rg1+ 31. Kc2 Rgg2 32. Rd5 a5 33. f4 a4 34. f5 Rxd2+ 35. Rxd2 Rxd2+ 36. Kxd2 0-1

[Event "Adelaide Interclub-A"]
[Site "Adelaide"]
[Date "2010.05.11"]
[Round "2.1"]
[White "Mdinaradze, Edgar"]
[Black "Sykes, Alexander K"]
[Result "0-1"]
[WhiteElo "1891"]
[BlackElo "1923"]
[PlyCount "86"]
[EventDate "2010.05.04"]
[EventType "team-tourn"]
[EventRounds "9"]
[EventCountry "AUS"]
[SourceTitle "EXT 2023"]
[Source "ChessBase"]
[SourceDate "2022.10.05"]
[SourceVersion "1"]
[SourceVersionDate "2022.10.05"]
[SourceQuality "1"]

1. e4 d6 2. Nc3 Nf6 3. h3 g6 4. Nf3 Bg7 5. Bc4 Nxe4 6. Nxe4 d5 7. Bxd5 Qxd5 8. d3 c5 9. Nc3 Qh5 10. Be3 Nc6 11. 0-0 Nd4 12. Bxd4 cxd4 13. Ne4 Qd5 14. a4 0-0 15. Qd2 Bd7 16. Qb4 f5 17. Ned2 e5 18. Nb3 Rac8 19. Ne1 b6 20. Nd2 Bc6 21. Nc4 Rcd8 22. Qd2 e4 23. b4 Rfe8 24. b5 Ba8 25. a5 exd3 26. f3 Qxc4 27. cxd3 Qxb5 28. axb6 axb6 29. Nc2 Qe5 30. Ra7 Qg3 31. Ne1 Be5 32. f4 Bxf4 33. Qxf4 Qxf4 34. Rxf4 Rxe1+ 35. Kf2 Rd1 36. Ke2 Rb1 37. g4 Re8+ 38. Kf2 Rb2+ 39. Kg3 Rg2+ 40. Kh4 fxg4 41. Rxd4 g5+ 42. Kh5 gxh3 43. Rdd7 Bf3+ 0-1

[Event "South Australia-ch"]
[Site "Adelaide"]
[Date "2010.03.30"]
[Round "9"]
[White "Mdinaradze, Edgar"]
[Black "Sheldrick, Kevin"]
[Result "0-1"]
[WhiteElo "1957"]
[BlackElo "2150"]
[PlyCount "102"]
[EventDate "2010.02.02"]
[EventType "tourn"]
[EventRounds "9"]
[EventCountry "AUS"]
[SourceTitle "EXT 2023"]
[Source "ChessBase"]
[SourceDate "2022.10.05"]
[SourceVersion "1"]
[SourceVersionDate "2022.10.05"]
[SourceQuality "1"]

1. d4 d5 2. c4 e5 3. dxe5 d4 4. Nf3 Nc6 5. g3 Nge7 6. Bg2 Ng6 7. 0-0 Ngxe5 8. Nbd2 Be7 9. Nb3 Nxf3+ 10. Bxf3 Bf6 11. Nc5 0-0 12. Bf4 g5 13. Bd2 g4 14. Bg2 Qe7 15. Ne4 Be5 16. Bf4 Bf5 17. Nd2 Rfe8 18. Re1 Nb4 19. e4 Bd7 20. Bxe5 Qxe5 21. f4 Qe7 22. e5 Nd3 23. Ne4 Nxe1 24. Qxe1 f5 25. exf6 Qe6 26. Qd2 Bc6 27. f5 Qf7 28. Qxd4 Rad8 29. Qe3 Bxe4 30. Bxe4 Qxf6 31. Re1 b6 32. h4 Kh8 33. Re2 Qd4 34. Qxd4+ Rxd4 35. Bf3 Rxe2 36. Bxe2 h5 37. Kf2 Rd2 38. Ke3 Rxb2 39. Bd3 Rxa2 40. Kf4 Ra3 41. Be4 Rc3 42. Bd5 Kg7 43. Kg5 Rxg3 44. f6+ Kf8 45. Kxh5 a5 46. Kg6 a4 47. h5 c5 48. h6 a3 49. h7 Rh3 50. Be6 a2 51. Bxg4 Rxh7 0-1